[Event "Mumbai Wealth rating op 4th"]
[Site "Mumbai"]
[Date "2019.01.01"]
[Round "3"]
[White "Vahdatian, Davood"]
[Black "Deshpande, Jatin N"]
[Result "1-0"]
[WhiteElo "2036"]
[BlackElo "1564"]
[PlyCount "53"]
[EventDate "2018.12.30"]
[EventType "swiss"]
[EventRounds "9"]
[EventCountry "IND"]
[SourceTitle "CBM 188 Extra"]
[Source "ChessBase"]
[SourceDate "2019.02.26"]
[SourceVersion "1"]
[SourceVersionDate "2019.02.26"]
[SourceQuality "1"]

1. e4 c5 2. Nf3 d6 3. d4 cxd4 4. Nxd4 Nf6 5. f3 a6 6. c4 Nc6 7. Nc3 g6 8. Be3 Bg7 9. Be2 0-0 10. Qd2 Bd7 11. 0-0 Rc8 12. Rac1 Ne5 13. b3 h5 14. Kh1 Kh7 15. Nc2 Qc7 16. Nb4 Bc6 17. Rfd1 Qa5 18. Nxc6 bxc6 19. c5 Rfd8 20. cxd6 Rxd6 21. Nd5 Qd8 22. Nxf6+ Bxf6 23. Qc2 a5 24. f4 Ng4 25. Bxg4 hxg4 26. e5 Rxd1+ 27. Rxd1 1-0